<?xml version="1.0" encoding="UTF-8"?>
<collection xmlns="http://www.loc.gov/MARC21/slim">
    <record>
        <controlfield tag="001">78134</controlfield>
        <controlfield tag="005">20190312144316.0</controlfield>
        <datafield tag="024" ind1="8" ind2=" ">
            <subfield code="2">sideral</subfield>
            <subfield code="a">110610</subfield>
        </datafield>
        <datafield tag="037" ind1=" " ind2=" ">
            <subfield code="a">ART-2012-110610</subfield>
        </datafield>
        <datafield tag="041" ind1=" " ind2=" ">
            <subfield code="a">por</subfield>
        </datafield>
        <datafield tag="100" ind1=" " ind2=" ">
            <subfield code="0">(orcid)0000-0002-2923-9424</subfield>
            <subfield code="a">Silvestre Miralles, Alicia</subfield>
        </datafield>
        <datafield tag="245" ind1=" " ind2=" ">
            <subfield code="a">Entrevista com Anderson Braga Horta e José Jeronymo Rivera</subfield>
        </datafield>
        <datafield tag="260" ind1=" " ind2=" ">
            <subfield code="c">2012</subfield>
        </datafield>
        <datafield tag="506" ind1="0" ind2=" ">
            <subfield code="a">Access copy available to the general public</subfield>
            <subfield code="f">Unrestricted</subfield>
        </datafield>
        <datafield tag="520" ind1="3" ind2=" ">
            <subfield code="a">Anderson Braga Horta nasceu em Carangola, Minas Gerais, no dia 17 de novembro de 1934. Em 1959 bacharelou-se pela Faculdade Nacional de Direito, da Universidade do Brasil, no Rio de Janeiro. Em 1960 em Brasília fez o primeiro vestibular da UnB e iniciou o Curso de Letras Brasileiras. Porém, em 1964, devido à ditadura militar, decidiu abandonar o curso. Tanto no Rio de Janeiro quanto em Brasília exerceu o jornalismo e o magistério. Além disso, foi co-fundador da Associação Nacional de Escritores, do Clube de Poesia de Brasília e de seu sucessor, o Clube de Poesia e Crítica, do qual foi presidente; foi, também, co-fundador do Sindicato dos Escritores do Distrito Federal. É membro da Academia Brasiliense de Letras e também da Academia de Letras do Brasil. Hoje em dia é funcionário aposentado da Câmara dos Deputados. É autor de 19 títulos, somando poesias, contos, tradução e crítica literária. Em 2005 publicou, pela Editora Thesaurus de Brasília, o livro Traduzir Poesia. Nessa obra, ele compila grande parte de suas traduções de poemas e reflexões sobre o ato tradutório, produzidas ao longo de cinqüenta anos. Braga Horta traduz textos do francês, espanhol, inglês, italiano, alemão e até galego, além de verter textos de poetas brasileiros para o espanhol. Dentre seus numerosos prêmios literários no Brasil e na Itália, destacam-se o Nacional de Poesia, (1964) e o Jabuti, da Câmara Brasileira do Livro, São Paulo (2001). 
José Jeronymo Rivera nasceu no Rio de Janeiro em 12 de junho de 1933 e reside em Brasília desde 1961. Faz parte do Conselho Administrativo e Fiscal da Associação Nacional de Escritores e é membro da Academia de Letras de Brasília. Engenheiro, administrador e economista, foi professor universitário e de Ensino Médio e é poeta e tradutor de poesia. Recebeu os prêmios de tradução ―Joaquim Norberto‖, em 2001, da União Brasileira de Escritores RJ, pelo livro Poetas do Século de Ouro Espanhol, e ―Cecília Meireles‖, em 2002, também da UBE/RJ, pela obra Rimas, de Gustavo Adolfo Bécquer. Estão prontas para o prelo a tradução de La voz a ti debida, do poeta espanhol Pedro Salinas, e a versão de Les Heures, do belga Émila Verhaeren. Tem participado de diversas atividades literárias em Brasília, realizando inclusive palestras na Biblioteca Nacional de Brasília e na Associação Nacional de Escritores, bem como colaborando em periódicos como Literatura, Revista da Academia Brasiliense de Letras, Revista de Poesia e Crítica e Jornal da Associação Nacional de Escritores.</subfield>
        </datafield>
        <datafield tag="540" ind1=" " ind2=" ">
            <subfield code="9">info:eu-repo/semantics/openAccess</subfield>
            <subfield code="a">by</subfield>
            <subfield code="u">http://creativecommons.org/licenses/by/3.0/es/</subfield>
        </datafield>
        <datafield tag="655" ind1=" " ind2="4">
            <subfield code="a">info:eu-repo/semantics/article</subfield>
            <subfield code="v">info:eu-repo/semantics/publishedVersion</subfield>
        </datafield>
        <datafield tag="773" ind1=" " ind2=" ">
            <subfield code="g">22 (2012), 132-139</subfield>
            <subfield code="p">Anu. Bras. Estud. Hisp.</subfield>
            <subfield code="t">Anuario Brasileño de Estudios Hispánicos</subfield>
            <subfield code="x">0103-8893</subfield>
        </datafield>
        <datafield tag="856" ind1="4" ind2=" ">
            <subfield code="s">286217</subfield>
            <subfield code="u">http://zaguan.unizar.es/record/78134/files/texto_completo.pdf</subfield>
            <subfield code="y">Versión publicada</subfield>
        </datafield>
        <datafield tag="856" ind1="4" ind2=" ">
            <subfield code="s">94645</subfield>
            <subfield code="u">http://zaguan.unizar.es/record/78134/files/texto_completo.jpg?subformat=icon</subfield>
            <subfield code="x">icon</subfield>
            <subfield code="y">Versión publicada</subfield>
        </datafield>
        <datafield tag="909" ind1="C" ind2="O">
            <subfield code="o">oai:zaguan.unizar.es:78134</subfield>
            <subfield code="p">articulos</subfield>
            <subfield code="p">driver</subfield>
        </datafield>
        <datafield tag="951" ind1=" " ind2=" ">
            <subfield code="a">2019-03-12-12:35:57</subfield>
        </datafield>
        <datafield tag="980" ind1=" " ind2=" ">
            <subfield code="a">ARTICLE</subfield>
        </datafield>
    </record>

    
</collection>